logo

Bir Sreshtho Munshi Abdur Rouf Library
Jhenaidah Cadet College

Beyond national borders : (Record no. 8799)

MARC details
000 -LEADER
fixed length control field 00984cam a2200301 a 4500
001 - CONTROL NUMBER
JCCL Control Number 8799
003 - CONTROL NUMBER IDENTIFIER
JCCL marc code BD-JhCC
005 - DATE AND TIME OF LATEST TRANSACTION
control field 20180322191429.0
008 - FIXED-LENGTH DATA ELEMENTS--GENERAL INFORMATION
fixed length control field 861106s1987 ilua b 000 0 eng
020 ## - INTERNATIONAL STANDARD BOOK NUMBER
International Standard Book Number 1556230176
035 ## - SYSTEM CONTROL NUMBER
system control number (BD-JhCC)8799
040 ## - CATALOGING SOURCE
Original cataloging agency DLC
Transcribing agency DLC
Modifying agency DLC
-- BD-JhCC
041 ## - LANGUAGE CODE
Language code of Book eng
050 00 - LIBRARY OF CONGRESS CALL NUMBER
Classification number HF1602.15.U6
Item number O4 1987
082 00 - DEWEY DECIMAL CLASSIFICATION NUMBER
Classification number 337.52
DDC Edition number 19
Author mark and Year OMA 1987
100 1# - MAIN ENTRY--PERSONAL NAME
Personal name Ohmae, Kenichi
Dates associated with a name 1943
245 10 - TITLE STATEMENT
Title Beyond national borders :
Remainder of title reflections on Japan and the world /
Statement of responsibility, etc Kenichi Ohmae.
260 ## - PUBLICATION, DISTRIBUTION, ETC. (IMPRINT)
Place of publication, distribution, etc Homewood, Ill. :
Name of publisher, distributor, etc Dow Jones-Irwin,
Date of publication, distribution, etc c1987.
300 ## - PHYSICAL DESCRIPTION
Pagination xi, 128 p. :
Other physical details ill. ;
Dimensions 24 cm.
504 ## - BIBLIOGRAPHY, ETC. NOTE
Bibliography, etc Includes bibliographical references.
650 #0 - SUBJECT ADDED ENTRY--TOPICAL TERM
Topical term or geographic name as entry element International economic relations.
650 #0 - SUBJECT ADDED ENTRY--TOPICAL TERM
Topical term or geographic name as entry element Communication in foreign trade.
651 #0 - SUBJECT ADDED ENTRY--GEOGRAPHIC NAME
Geographic name Japan
General subdivision Foreign economic relations
Geographic subdivision United States.
651 #0 - SUBJECT ADDED ENTRY--GEOGRAPHIC NAME
Geographic name United States
General subdivision Foreign economic relations
Geographic subdivision Japan.
651 #0 - SUBJECT ADDED ENTRY--GEOGRAPHIC NAME
Geographic name Japan
General subdivision Economic conditions
Chronological subdivision 1945-1989.
942 ## - ADDED ENTRY ELEMENTS (KOHA)
Source of classification or shelving scheme Dewey Decimal Classification
Koha item type Books
Holdings
Source of classification or shelving scheme Damaged status Not for loan Home library Current library Shelving location Total Checkouts Full call number Barcode Date last seen Copy number Koha item type Date of accession
Dewey Decimal Classification     JCC Rouf Library JCC Rouf Library General Stacks   337.52 OMA 1987 11335 03/04/2018 C-1 Books  
Dewey Decimal Classification     JCC Rouf Library JCC Rouf Library General Stacks   337.52 OMA 1987 11264 03/22/2018 C-2 Books 03/22/2018

JCC Library | Contacts | JCC Home

Last Update on 23 September 2017
Copyright @ 2017-2020 JCC Rouf Library
Rouf Library, Jhenidah Cadet College (JCC), Bangladesh